MDQL
is popping MORE tags! Check the
thread
!
Quizzes
Events
Quiz Creation
Community
Videos
Private Events
Remove Ads
Sign In
Join for FREE
Feedback
Dark Mode
Quiz Categories
Sports
Geography
Music
Movies
Television
Just For Fun
Miscellaneous
History
Literature
Language
Science
Gaming
Entertainment
Religion
Holiday
For Kids
Quiz Lab
Recent
Popular Today
Quiz Kudos Today
Editor Picks
Curator Picks
Quizzes by...
Day
Popularity
Type
Ratings
Length
Year
Community
Subscriptions
Recent Discussions
Orange Saloon
Badges
Playlists
Quests
Create
Leaderboards
Showdown
Live 5
Trivia Bingo
Activity
Puzzle Library
Sporcle Events
Private Events
Virtual Trivia
Globe League
Become a Host
Pub Owners
SporcleCon
Opinionation
Our Games
Videos
Blog
Mobile Apps
Partnerships
Remove Ads and Go Orange
Feedback
Sports
Athletes
MLB
NBA
NHL
NFL
Soccer
Sports Teams
WWE
NCAA
Football
Premier League
Basketball
Baseball
Hockey
Golf
Tennis
Cricket
Rugby
Auto Racing
Olympics
World Cup
Sports
Athletes
MLB
NBA
NHL
NFL
Soccer
Sports Teams
WWE
NCAA
Football
Premier League
Basketball
Baseball
Hockey
Golf
Tennis
Cricket
Rugby
Auto Racing
Olympics
World Cup
Random Quiz
Search Sporcle
×
Quiz Lab
Quiz Lab
Sports
Barcelona
Type in answers that appear in a list
Type in answers that appear in a list
Classic
Best Score? Go Orange.
European Handball Champions League winners Stats
Can you name the European Handball Champions League winners?
By
Boysen
5m
18 Questions
1,678 Plays
1,678 Plays
1,678 Plays
Comments
Comments
Give Quiz Kudos
Give Quiz Kudos
-
- Ratings
hide this ad
Replay
Link that replays current quiz
Next Quiz
Link to next quiz in quiz playlist
You Got
0%
They Got
Avg Score
73%
Avg Friend Score
Upgrade to see
Score Distribution
Jump to the score distribution portion of the page
Score
0/18
Timer
05:00
0
Plays Today
2010/11
% Correct
2010/
11
FC Barcelona
98.6%
2003/
04
FC Barcelona
98.6%
1998/
99
FC Barcelona
98.6%
1997/
98
FC Barcelona
98.6%
1996/
97
FC Barcelona
98.6%
1995/
96
FC Barcelona
98.6%
2009/
10
THW Kiel
95.9%
2006/
07
THW Kiel
95.8%
1994/
95
Zagreb
68.7%
2010/11
% Correct
2001/
02
Montpellier
66.9%
2008/
09
Ciudad Real
63.9%
2007/
08
Ciudad Real
63.9%
2005/
06
Ciudad Real
63.9%
2004/
05
Ciudad Real
63.9%
2002/
03
Celje
55.2%
2000/
01
SC Magdeburg
44.1%
1999/
2000
Portland San Antonio
28.7%
1993/
94
TEKA Santander
12.4%
Quiz Playlist
Details
Report
Send in Message
Add To Playlist
Classic:
Type in answers that appear in a list
Last Updated: Feb 16, 2017
Quiz Scoreboard
CHALLENGE
Sign Up to Join the Scoreboard
Show All
Scores
Hide
Comments
May contain spoilers
Recently Published
1-10 Letter E Words III
by El_Dandy
Language
2m
Street Fighter Characters
by Artimus82
Gaming
60s
College Basketball Coaching Resumes
by pancakes188
Sports
9m
More to Explore
Quiz From the Vault
Featured Blog Post
Where Did the Easter Bunny Come From?
hide this ad
You Might Also Like...
Tags
Barcelona
club
handball
Handball Europe
Handball World
Sporting Events
Today's Top Quizzes in Sports
Browse Sports
hide this ad
Today's Top Quizzes in Barcelona
Browse Barcelona
Top Contributed Quizzes in Sports
1
2022 World Cup Stars
2
Les meilleurs buteurs des matchs entre le PSG et l’OM
3
FIFA Club World Cup Champions
4
Les entraîneurs de l'OM et du PSG au 21e siècle
5
Criteria MLB: Left Handed Sluggers
6
2023 MLB Unique Player Accomplishments
7
AFC Teams Reveal (Wrong Answers Minefield)
8
Players with Multiple 50 Home Run Seasons
9
5-to-1: FBS Animal Nicknames
10
5-to-1: UK Sports Teams
Explore More
Trending Topics
Kpop
Harry Potter
Marvel
Disney
Anime
NBA
Crossword
Soccer
The Office
WWE
Puzzle
NFL
Country
Pokémon
Song
hide this ad
More By:
Boysen
Quiz
Plays
Rating
Category
Featured
Created
European Handball Champions League winners
1,678
3.40
Sports
Jun 9, 2011
Handball Champions League topscorers
1,339
5.00
Sports
Jun 9, 2011
Guess the handball right backs
528
5.00
Sports
May 12, 2020
All time top transfers of handball
511
Sports
May 6, 2020
Male handball players with at least 3 Olympic medals
323
Sports
May 11, 2020
Go to Creator's Profile
Score Distribution
Quiz Creator Spotlight
Boysen
Follow
Send a Message
Quizzes Created
-
Created Quiz Play Count
-
More By This Creator
Popular Quizzes Today
1
Find the US States - No Outlines Minefield
2
Find the Countries of Europe - No Outlines Minefield
3
Find the US States
4
The Countries of the World
5
Risky Map Clicking: Biggest States A-Z
6
US States
7
Popular People in 1961
8
Movies - When Are They Set?
More Sports Quizzes
NBA Lottery Winning Teams
Published
Trending Quizzes
Risky Map Clicking: Least Populous States A-Z
1-10 Letter G Words
1-10 Letter F Words
Countries of the World: 200 Million BC
Risky Map Clicking: Next State Alphabetically
Recently Updated
Rides in Walt Disney World
pecheneg
Most Oscar Losses (Acting)
pecheneg
Beyoncé Albums
pecheneg
Leaping Animals
pecheneg
Reality TV Shows (A-Z)
bhenderson79
Rickey Henderson's Hall of Fame Teammates
pecheneg
Champions League XIs: Arsenal
pecheneg
Quick Pick: Celebrities in WWE's Hall of Fame
aduchscher
A-Z Keypad Blitz II
pecheneg
Trending Topics
Harry Potter
NBA
Disney
Crossword
Anime
Marvel
Kpop
Soccer
Puzzle
Country
NFL
WWE
The Office
Pokémon
Song
Your Account Isn't Verified!
In order to create a playlist on Sporcle, you need to verify the email address you used during registration. Go to your
Sporcle Settings
to finish the process.
Report this User
Report this user for behavior that violates our
Community Guidelines
.
Details:
Send Report
Go to the Sporcle.com Mobile Site →
Comments